Normal view MARC view
  • Tibet Autonomous Region (China)

Entry Geographic Name

Number of records used in: 2

001 - CONTROL NUMBER

  • control field: 12155

003 - CONTROL NUMBER IDENTIFIER

  • control field: NUST

005 - DATE AND TIME OF LATEST TRANSACTION

  • control field: 20180731085612.0

008 - FIXED-LENGTH DATA ELEMENTS

  • fixed length control field: 180731|| aca||aabn | a|a d

040 ## - CATALOGING SOURCE

  • Original cataloging agency: NUST
  • Transcribing agency: NUST

151 ## - HEADING--GEOGRAPHIC NAME

  • Geographic name: Tibet Autonomous Region (China)
  • Form subdivision: Fiction.

670 ## - SOURCE DATA FOUND

  • Source citation: Work cat.: (NUST)174477: Cussler, Clive. 12104, Golden Buddha /, 2003.
© 2023 Central Library, National University of Sciences and Technology. All Rights Reserved.